Statistiques concernant La plus grande ville de 5 lettres de ce pays

Cliquez ici pour prendre le quiz!

Statistiques générales

  • Ce quiz a été pris 163 fois
  • Le résultat moyen est 11 sur 15

Statistiques - réponses

PaysVille% Correct
FranceParis
97%
AlgérieAlger
96%
ChinePékin
94%
JaponTokyo
94%
MarocRabat
93%
BiélorussieMinsk
92%
IndeDelhi
76%
GhanaAccra
75%
BelgiqueLiége
73%
JordanieAmman
72%
Emirats Arabes UnisDubai
71%
NigeriaLagos
71%
SuèdeMalmö
61%
AllemagneEssen
35%
IrakArbil
12%

Distribution des résultats

Percentile par nombre de réponses

% des personnes avec chaque résultat

Votre développement - résultats

Vous n’avez pas pris ce quiz